Web programming / (Record no. 53022)

MARC details
000 -LEADER
fixed length control field 00483nam a2200181Ia 4500
005 - DATE AND TIME OF LATEST TRANSACTION
control field 20260429112230.0
008 - FIXED-LENGTH DATA ELEMENTS--GENERAL INFORMATION
fixed length control field 260429s9999||||xx |||||||||||||| ||und||
020 ## - INTERNATIONAL STANDARD BOOK NUMBER
International Standard Book Number 9789362248350
041 ## - LANGUAGE CODE
Language English
082 ## - DEWEY DECIMAL CLASSIFICATION NUMBER
Classification number 006.76
Item number SIN
100 ## - MAIN ENTRY--PERSONAL NAME
Personal name Singh, Chanchal
245 #0 - TITLE STATEMENT
Title Web programming /
Statement of responsibility, etc Chanchal Singh
260 ## - PUBLICATION, DISTRIBUTION, ETC. (IMPRINT)
Place of publication, distribution, etc New Delhi :
Name of publisher, distributor, etc Discovery Publishing House,
Date of publication, distribution, etc 2025.
300 ## - PHYSICAL DESCRIPTION
Extent vi, 253 p.; hb
650 ## - SUBJECT ADDED ENTRY--TOPICAL TERM
Topical term or geographic name as entry element Web programming
650 ## - SUBJECT ADDED ENTRY--TOPICAL TERM
Topical term or geographic name as entry element Computer science
942 ## - ADDED ENTRY ELEMENTS (KOHA)
Koha item type Text Books
Holdings
Withdrawn status Lost status Damaged status Not for loan Collection code Home library Location Shelving location Date of Cataloging Source of acquisition Total Checkouts Full call number Barcode Date last seen Price effective from Koha item type
        Non-fiction CUTN Central Library CUTN Central Library Generalia 29/04/2026 Sri Mariyamman Stores, Virudhunagar - Invoice No. SMS-CCR/2025-26/348 on 11-02-2026   006.76 SIN 58177 29/04/2026 29/04/2026 Text Books